Účtovníctvo neziskových organizácií na rok 2006

Guardado en:
Detalles Bibliográficos
Formato: Libro
Lenguaje:eslovaco
Publicado: Bratislava EPOS, Ing. Miroslav Mračko 2006
Colección:Priebežne aktualizované príručky
Materias:
Etiquetas: Agregar Etiqueta
Sin Etiquetas, Sea el primero en etiquetar este registro!

MARC

LEADER 00000nam$a2200000$$$4500
001 0046817
005 20240313133619.6
020 |a 80-8057-670-X 
041 0 |a slo 
044 |a SK 
245 1 0 |a Účtovníctvo neziskových organizácií na rok 2006 
264 1 |a Bratislava  |b EPOS, Ing. Miroslav Mračko  |c 2006 
300 |a 174 s. 
490 1 |a Priebežne aktualizované príručky 
830 0 |a Priebežne aktualizované príručky 
610 2 0 |a organizácie neziskové 
610 2 0 |a účtovníctvo 
610 2 0 |a účtovníctvo jednoduché 
610 2 0 |a účtovníctvo podvojné 
610 2 0 |a zákony 
610 2 0 |a osnova účtová 
610 2 0 |a Slovensko 
610 2 0 |a 2006